| 000 | 00974nam a2200301Ia 4500 | ||
|---|---|---|---|
| 001 | D4424 | ||
| 003 | IT-RoPAU | ||
| 008 | 130308s9999 xx 000 0 und d | ||
| 040 | _aIT-RoPAU | ||
| 040 | _cIT-RoPAU | ||
| 041 | _aITALIANO | ||
| 100 | _aSpinelli Lorenzo | ||
| 100 | _gCodice Aut. SPICS: 44700 | ||
| 245 | _aDiritti umani nelle relazioni tra stato e Chiesa (I) | ||
| 245 | _bDiritti Umani (I). dottrina e Prassi | ||
| 250 | _a1a ed. | ||
| 260 | _aROMA | ||
| 260 | _bAve | ||
| 260 | _c1982 [1° Ed.:1982 - Ed.Ling.Originale:1982] | ||
| 300 | _a"16 p. (prefazione: no ; testo: 16 [pagine: 719-734])" | ||
| 500 | _aProblema della Individuazione. Ambito del Diritto Naturale. Ecclesiastico e Suoi Diritti di Libertà. Principio di Libertà Religiosa. Libertà di Associazione. matrimonio e Libertà Religiosa. | ||
| 650 | _aDIRITTO GENERALE | ||
| 650 | _eCodice materia Spics: 4601 | ||
| 942 | _cBK | ||
| 957 | _71 | ||
| 999 |
_c76701 _d76701 |
||
| 999 | _bSI | ||
| 999 | _g1 | ||